| 000 -LEADER |
| fixed length control field |
00473pab a2200169 454500 |
| 008 - FIXED-LENGTH DATA ELEMENTS--GENERAL INFORMATION |
| fixed length control field |
180718b2014 xxu||||| |||| 00| 0 eng d |
| 100 ## - MAIN ENTRY--PERSONAL NAME |
| Personal name |
Pearce, Warren |
| 245 ## - TITLE STATEMENT |
| Title |
The new Randomised Controlled Trails (RCT) movement in public policy: challenges of epistemic governance |
| 260 ## - PUBLICATION, DISTRIBUTION, ETC. |
| Date of publication, distribution, etc. |
2014 |
| 300 ## - PHYSICAL DESCRIPTION |
| Extent |
p.387-402. |
| 362 ## - DATES OF PUBLICATION AND/OR SEQUENTIAL DESIGNATION |
| Dates of publication and/or sequential designation |
Dec |
| 520 ## - SUMMARY, ETC. |
| Summary, etc. |
|
| 650 ## - SUBJECT ADDED ENTRY--TOPICAL TERM |
| Topical term or geographic name entry element |
Public policy |
| 700 ## - ADDED ENTRY--PERSONAL NAME |
| Personal name |
Rama, Sujatha |
| 773 ## - HOST ITEM ENTRY |
| Main entry heading |
Policy Sciences |
| 909 ## - |
| -- |
107316 |